000 00399nam a2200157 a 4500
005 20140414132115.0
008 100901s19uu xx 00 eng d
020 _a0545021324
050 _aFIC
_bSt5 2006
100 _aStilton, Geronimo
245 _aValley of the giant skeletons.
260 _aNew York :
_bScholastic,
_c2006.
300 _a110
440 _aGeronimo Stilton
999 _c114897
_d114897